• 首页
  • 本馆介绍
  • 公告通知
  • 最新文献
  • 馆藏检索
  • 电子资源
  • 读者导购
  • 参考咨询
  • 我的图书馆
  • 登录
  • 详细信息显示
  • 放入我的书架
  • 预约/预借图书
  • 作者相关作品
  • 分类相关作品
  • 丛书相关作品
  • 出版社相关作品

书目信息

  • 表格格式
  • 工作单格式
  • 卡片格式
书名: Frequency and time
作者: P. Kartaschoff.
分册号:
分册名:
出版地: London ;
 
出版社: Academic Press
出版时间: 1978.
页数: xv, 260 p. :
开本: 24 cm.
丛书名: Monographs in physical measurement
中图分类号:
科图分类号:
其他分类号: TB935
主题词:
电子资源:
000 00721nam 22000241i 450 9
001 0298403836
005 20070226153547.85
008 780926m1978 u y a b 001 0
020    @a0124001505 :@c£12.50.
041    @aeng
050    @aTK7878.2@b.K37
082 04 @a620/.004/4
090    @aTB935
099    @dTB935@ex1
100 1  @aKartaschoff@cP.
245 10 @aFrequency and time / @cP. Kartaschoff.
260 1  @aLondon ;@aNew York :@bAcademic Press,@c1978.
300    @axv, 260 p. :@bill. ;@c24 cm.
440  0 @aMonographs in physical measurement
500    @aIncludes index.
504    @aBibliography: p. 253-255.
650  4 @aFrequencies of oscillating systems@xMeasurement.
650  4 @aTime measurements.
    
    Frequency and time / / P. Kartaschoff.-London ; ; New York : : Academic Press, , 1978.
    xv, 260 p. : : ill. ; ; 24 cm.- (Monographs in physical measurement )
    Includes index.-Bibliography: p. 253-255.
    
    ISBN 0124001505 :£12.50.
    
●
相关链接 在E读中查询图书 在五车中查询图书 在当当中查询图书 在豆瓣中查询图书


正题名:Frequency and time     索取号:TB935/x1         预约/预借

序号 登录号 条形码 馆藏地/架位号 状态 备注
1 182117   000634497   第二样本阅览室/ [索取号:TB935/x1] 在馆    
2 182118   000634488   第四借阅区/ [索取号:TB935/x1] 在馆    
唐山师范学院图书馆 欢迎您!
大连网信软件有限公司© 版权所有